The contractor's basis of valuation for rating purposes (Record no. 116013)

MARC details
000 -LEADER
fixed length control field 01901cam a22003255a 4500
001 - CONTROL NUMBER
control field L159573
008 - FIXED-LENGTH DATA ELEMENTS--GENERAL INFORMATION
fixed length control field 170913s2017 xxk f 000 0 eng d
020 ## - INTERNATIONAL STANDARD BOOK NUMBER
International Standard Book Number 9781783211920
035 ## - SYSTEM CONTROL NUMBER
System control number (Sirsi) u159573
041 0# - LANGUAGE CODE
Language code of text/sound track or separate title eng
050 04 - LIBRARY OF CONGRESS CALL NUMBER
Classification number 336.21 $2 18
110 2# - MAIN ENTRY--CORPORATE NAME
Corporate name or jurisdiction name as entry element Royal Institution of Chartered Surveyors
9 (RLIN) 4900
245 04 - TITLE STATEMENT
Title The contractor's basis of valuation for rating purposes
Medium [electronic resource]
Statement of responsibility, etc. [unrevised edition]
250 ## - EDITION STATEMENT
Edition statement 2nd ed.
260 ## - PUBLICATION, DISTRIBUTION, ETC.
Place of publication, distribution, etc. London
Name of publisher, distributor, etc. RICS
Date of publication, distribution, etc. 2017
300 ## - PHYSICAL DESCRIPTION
Extent 16p.
Dimensions 30cm.
350 ## - PRICE (NR) (BK AM CF MU VM SE) [OBSOLETE]
Price 8.95
490 #0 - SERIES STATEMENT
Series statement RICS Guidance Note
520 ## - SUMMARY, ETC.
Summary, etc. Effective from 1 August 2017 to September 2023
520 ## - SUMMARY, ETC.
Summary, etc. Replaced by the September 2023 version (note not a totally new edition and retains the same ISBN) includes some minor amendments from the 2017 version, such as removing the examples previously contained at 1.3, and revisions to appendices A and B to include updated decapitalisation rates and case law references respectively.
520 ## - SUMMARY, ETC.
Summary, etc. Aids the understanding of the Contractor?s Basis for the general rating practitioner while providing a common framework of the basis for the more experienced practitioner. The Contractor?s Basis of valuation for rating purposes covers scope and application, the approach to valuation, stages of the valuation approach, and material change of circumstances.
520 ## - SUMMARY, ETC.
Summary, etc. Supersedes 1st edition.
650 24 - SUBJECT ADDED ENTRY--TOPICAL TERM
Topical term or geographic name entry element RATING VALUATION
651 #4 - SUBJECT ADDED ENTRY--GEOGRAPHIC NAME
Geographic name England and Wales
Chronological subdivision 1543-
690 ## - LOCAL SUBJECT ADDED ENTRY--TOPICAL TERM (OCLC, RLIN)
Topical term or geographic name as entry element PROPERTY-PROPERTY APPRAISAL AND VALUATION-TAXATION VALUATION
710 2# - ADDED ENTRY--CORPORATE NAME
Corporate name or jurisdiction name as entry element Joint Professional Institutions' Rating Valuation Forum
9 (RLIN) 972
710 2# - ADDED ENTRY--CORPORATE NAME
Corporate name or jurisdiction name as entry element Joint Professional Institutions' Rating Valuation Forum
9 (RLIN) 972
856 41 - ELECTRONIC LOCATION AND ACCESS
Uniform Resource Identifier <a href="https://www.rics.org/content/dam/ricsglobal/documents/standards/the_contractors_basis_of_valuation_for_rating_purposes_2nd_edition_rics.pdf">https://www.rics.org/content/dam/ricsglobal/documents/standards/the_contractors_basis_of_valuation_for_rating_purposes_2nd_edition_rics.pdf</a>
Public note View the old edition on RICS.org
942 ## - ADDED ENTRY ELEMENTS (KOHA)
Suppress in OPAC 0
Source of classification or shelving scheme Dewey Decimal Classification
Holdings
Withdrawn status Lost status Source of classification or shelving scheme Damaged status Not for loan Home library Current library Shelving location Date acquired Total Checkouts Full call number Barcode Date last seen Copy number Price effective from Koha item type
    Dewey Decimal Classification     Virtual Virtual Online 13/09/2017   ONLINE PUBLICATION 159573-2001 23/03/2023 1 06/08/2019 Book